00800nam a2200193 a 450000100100000000500170001000800410002702000150006804000250008308200210010810000320012924501850016124600580034626000360040430000270044050000570046765000370052470000450056100001511520200929163948.0100201s2005 dr a 001 0 spa d a9945037005 aDO-SdBNPbspacBNPHU a581.97293bP147d1 aPaino Perdomo, Omar,d1972-10aDiáspora = diaspora :bbibliografia micologica de la española = Mycological bibliography of La Española /cOmar Paino Perdomo ; traducción Linda M. Rodríguez Guglielmoni.11aDiaspora :bMycological bibliography of La Española aSanto Domingo :b[s.n.],c2005. a77 p. :bil. ;c22 cm. aIncluye datos biográficos del autor en las solapas 4aBotanicazRepública Dominicana1 aRodríguez Guglielmoni, Linda M.etrad.